Menulis dari hati biar sampai ke hati

Bibliographic Details
Main Authors: Pahrol Mohamad Juoi (Author), Hasrizal Abdul Jamil (Author), Zamri Mohamad (Author)
Format: Book
Published: Batu Caves, Selangor : PTS Publishing House Sdn. Bhd. 2022
Subjects:

MARC

LEADER 00000cam a2200000 7i4500
001 0000090980
005 20230322141421.0
008 230212 may
020 |a 9789674817558 (  |q (paperback)) 
040 |e rda 
041 |a Malay 
090 0 0 |a 808.02   |b PAH 
100 1 |a Pahrol Mohamad Juoi ,   |e (author) 
245 1 0 |a Menulis dari hati biar sampai ke hati   |c Pahrol Mohamad Juoi 
264 1 |a Batu Caves, Selangor :   |b PTS Publishing House Sdn. Bhd.   |c 2022 
300 |a 324 pages :   |b Photographs ;   |c 20 cm. 
336 |a text  |2 rdacontent 
337 |a unmediated  |2 rdamedia 
338 |a volume  |2 rdacarrier 
500 |a Contains verses from the Qur'an 
541 |c Purchased on 2022   |f 01040 BIT   |h RM43.00 
650 0 |a Authorship 
650 0 |a Creative writing 
700 0 |a Hasrizal Abdul Jamil ,   |e (author) 
700 0 |a Zamri Mohamad ,   |e (author) 
999 |a 0001708715   |b Book   |c Adult Collection   |e Desa - PPAJ 
999 |a 0001708716   |b Book   |c Adult Collection   |e Desa - PPAJ 
999 |a 0001708717   |b Book   |c Adult Collection   |e Desa - PPAJ 
999 |a 0001708718   |b Book   |c Adult Collection   |e Desa - PPAJ 
999 |a 0001708719   |b Book   |c Adult Collection   |e Desa - PPAJ 
999 |a 0001708720   |b Book   |c Adult Collection   |e Desa - PPAJ 
999 |a 0001708721   |b Book   |c Adult Collection   |e Desa - PPAJ 
999 |a 0001708722   |b Book   |c Adult Collection   |e Desa - PPAJ 
999 |a 0001708723   |b Book   |c Adult Collection   |e Desa - PPAJ 
999 |a 0001708724   |b Book   |c Adult Collection   |e Desa - PPAJ 
999 |a 0001708725   |b Book   |c Adult Collection   |e Desa - PPAJ 
999 |a 0001708726   |b Book   |c Adult Collection   |e Desa - PPAJ 
999 |a 0001708727   |b Book   |c Adult Collection   |e Desa - PPAJ 
999 |a 0001708729   |b Book   |c Adult Collection   |e Desa - PPAJ 
999 |a 0001708730   |b Book   |c Adult Collection   |e Desa - PPAJ 
999 |a 0001708731   |b Book   |c Adult Collection   |e Desa - PPAJ 
999 |a 0001708732   |b Book   |c Adult Collection   |e Desa - PPAJ 
999 |a 0001708733   |b Book   |c Adult Collection   |e Desa - PPAJ 
999 |a 0001708734   |b Book   |c Adult Collection   |e Desa - PPAJ 
999 |a 0001708735   |b Book   |c Adult Collection   |e Desa - PPAJ 
999 |a 0001708736   |b Book   |c Adult Collection   |e Desa - PPAJ 
999 |a 0001708737   |b Book   |c Adult Collection   |e Desa - PPAJ 
999 |a 0001708738   |b Book   |c Adult Collection   |e Desa - PPAJ 
999 |a 0001708739   |b Book   |c Adult Collection   |e Desa - PPAJ 
999 |a 0001708749   |b Book   |c Adult Collection   |e Desa - PPAJ 
999 |a 0001708750   |b Book   |c Adult Collection   |e Desa - PPAJ 
999 |a 0001708752   |b Book   |c Adult Collection   |e Desa - PPAJ 
999 |a 0001708753   |b Book   |c Adult Collection   |e Desa - PPAJ 
999 |a 0001708764   |b Book   |c Adult Collection   |e Desa - PPAJ 
999 |a 0001708765   |b Book   |c Adult Collection   |e Desa - PPAJ 
999 |a 0001708766   |b Book   |c Adult Collection   |e Desa - PPAJ 
999 |a 0001708767   |b Book   |c Adult Collection   |e Desa - PPAJ 
999 |a 0001708768   |b Book   |c Adult Collection   |e Desa - PPAJ 
999 |a 0001708769   |b Book   |c Adult Collection   |e Desa - PPAJ 
999 |a 0001708770   |b Book   |c Adult Collection   |e Desa - PPAJ 
999 |a 0001708771   |b Book   |c Adult Collection   |e Desa - PPAJ 
999 |a 0001708772   |b Book   |c Adult Collection   |e Desa - PPAJ 
999 |a 0001708773   |b Book   |c Adult Collection   |e Desa - PPAJ 
999 |a 0001708774   |b Book   |c Adult Collection   |e Desa - PPAJ 
999 |a 0001708775   |b Book   |c Adult Collection   |e Desa - PPAJ 
999 |a 0001711536   |b Book   |c Adult Collection   |e Perbadanan Perpustakaan Awam Johor 
999 |a 0001713188   |b Book   |c Adult Collection   |e Cawangan AEON Kulaijaya 
999 |a 0001713189   |b Book   |c Adult Collection   |e Cawangan Urban Transformation Centre 
999 |a 0001713190   |b Book   |c Adult Collection   |e Cawangan Pontian 
999 |a 0001713191   |b Book   |c Adult Collection   |e Perbadanan Perpustakaan Awam Johor 
999 |a 0001713192   |b Book   |c Adult Collection   |e Cawangan Batu Pahat 
999 |a 0001713193   |b Book   |c Adult Collection   |e Cawangan Tangkak 
999 |a 0001713194   |b Book   |c Adult Collection   |e Cawangan Mersing 
999 |a 0001713195   |b Book   |c Adult Collection   |e Cawangan Muar 
999 |a 0001713196   |b Book   |c Adult Collection   |e Cawangan Taman Sri Lambak 
999 |a 0001713197   |b Book   |c Adult Collection   |e Cawangan Bukit Gambir 
999 |a 0001713198   |b Book   |c Adult Collection   |e Cawangan Bandar Penawar 
999 |a 0001713199   |b Book   |c Adult Collection   |e Cawangan Bandar Tenggara 
999 |a 0001713200   |b Book   |c Adult Collection   |e Cawangan Kota Tinggi 
999 |a 0001713201   |b Book   |c Adult Collection   |e Cawangan Tmn. Ungku Tun Aminah 
999 |a 0001713202   |b Book   |c Adult Collection   |e Cawangan Bandar Tenggara 
999 |a 0001713220   |b Book   |c Adult Collection   |e Perbadanan Perpustakaan Awam Johor